| 000 | 00663nam a22001577a 4500 | ||
|---|---|---|---|
| 003 | OSt | ||
| 005 | 20151203100519.0 | ||
| 008 | 151203b xxu||||| |||| 00| 0 eng d | ||
| 040 | _cRUA | ||
| 082 | _aFIS CHE 2008 B180 Or.1 | ||
| 100 |
_94192 _aCHEA, KIMSEANG. |
||
| 245 | _aThe effect of different formulated feeds on freshwater prawn culture in concrete tanks, ឥទ្ធិពលនៃចំណីផ្សំខុសៗគ្នាទៅលើការចិញ្ចឹមបង្កងទឹកសាផនៅក្នុងអាងស៊ីម៉ង់មិ៍ | ||
| 260 |
_aPhnom Penh _bRUA _c2008 |
||
| 300 |
_ax; 45p. _bill. _c29cm. |
||
| 942 |
_2ddc _cFIS |
||
| 999 |
_c3907 _d3907 |
||